Herbal Supplements- Drug Interactions: Scientific and Regulatory Perspectives Vol-162 (Record no. 74332)

MARC details
000 -LEADER
fixed length control field 00464pam a2200157 a 4500
020 ## - INTERNATIONAL STANDARD BOOK NUMBER
International Standard Book Number 0824725387
Terms of availability
041 ## - LANGUAGE CODE
Language code of text/sound track or separate title eng
082 ## - DEWEY DECIMAL CLASSIFICATION NUMBER
Classification number 615.1
Item number LAM
100 ## - MAIN ENTRY--PERSONAL NAME
Personal name Lam, Y. W. Francis, .
245 ## - TITLE STATEMENT
Title Herbal Supplements- Drug Interactions: Scientific and Regulatory Perspectives Vol-162
Medium Textual Documents
260 ## - PUBLICATION, DISTRIBUTION, ETC.
Place of publication, distribution, etc. London
Name of publisher, distributor, etc. Informa Healthcare
Date of publication, distribution, etc. 2014
300 ## - PHYSICAL DESCRIPTION
Extent 332.
653 ## - INDEX TERM--UNCONTROLLED
Uncontrolled term Pharmacology
700 ## - ADDED ENTRY--PERSONAL NAME
Personal name Huang, Shiew. Mei.
-- Hall, Stephen. D.
930 ## - EQUIVALENCE OR CROSS-REFERENCE-UNIFORM TITLE HEADING [LOCAL, CANADA]
Uniform title 1033
Holdings
Withdrawn status Lost status Damaged status Not for loan Collection Home library Current library Date acquired Source of acquisition Cost, normal purchase price Total Checkouts Full call number Barcode Date last seen Copy number Price effective from Koha item type
          Poona College of Pharmacy, Pune Poona College of Pharmacy, Pune 26/03/2016 Sai Book Centre 3995.00   615.1 LAM PCP-UGCM-5 24/02/2023 2 24/02/2023 Book
          Poona College of Pharmacy, Pune Poona College of Pharmacy, Pune 26/03/2016 Sai Book Centre 3995.00   615.1 LAM PCP-PHRD-6000 24/02/2023 4 24/02/2023 Book
          Poona College of Pharmacy, Pune Poona College of Pharmacy, Pune 26/03/2016 Sai Book Centre 3995.00   615.1 LAM PCP-PHRD-3669 24/02/2023 1 24/02/2023 Book
          Poona College of Pharmacy, Pune Poona College of Pharmacy, Pune 26/03/2016 Sai Book Centre 3995.00   615.1 LAM PCP-MDV-2175 24/02/2023 3 24/02/2023 Book